| 000 | 01677cam a2200481 a 4500 | ||
|---|---|---|---|
| 001 | 20171 | ||
| 003 | VRT | ||
| 005 | 20260119095418.0 | ||
| 008 | 240315s1980 xr ol g 00000 cze | ||
| 020 | _q(viaz.) | ||
| 035 | _aVTK8807 | ||
| 039 | 9 |
_a202403152132 _bVLOAD _c202401241058 _dmsnk143 _c202110151017 _dmsnk162 _c202109281637 _dVLOAD |
|
| 040 |
_aVTHK _bslo _cVTHK _dSNK |
||
| 041 | 0 | _acze | |
| 043 | _ae-cs--- | ||
| 044 |
_axr _cSK |
||
| 072 | 7 |
_a796 _xŠport. Hry. Telesné cvičenia _2konspekt |
|
| 080 |
_a796.034.6.071.2 _21997 |
||
| 080 |
_a796.015.8 _21997 |
||
| 080 |
_a796.032.2 _21997 |
||
| 080 |
_a(437) _21997 |
||
| 080 |
_a(048.8) _21997 |
||
| 100 | 1 |
_aBakalář, Robert, _d1940-2011 _4aut |
|
| 245 | 1 | 0 |
_aDukla s olympijskou vlajkou _cRobert Bakalář, Jan Kotrba; [fotografie: Evžen Beran ... [et al.]] |
| 250 | _a1. vyd. | ||
| 260 |
_aPraha _bNaše vojsko _c1980 |
||
| 300 |
_a293 s., [6] s. tab. príl. _bfotogr. , tab. _c25 cm |
||
| 506 | _a47000 výtl. | ||
| 610 | 1 | 7 |
_aČesko. _bMinisterstvo obrany. _bArmádne športové centrum Dukla _2SNK |
| 650 | 0 | 7 |
_avrcholoví športovci _2SNKPH |
| 650 | 0 | 7 |
_ašportové výkony _2SNKPH |
| 650 | 0 | 7 |
_aolympijské hry _z1946-1976 _2SNKPH |
| 651 | 7 |
_aČeskoslovensko _2SNKPHgeo |
|
| 655 | 7 |
_aprehľady _2SNKPH |
|
| 655 | 7 |
_amonografie _2SNKPH |
|
| 700 | 1 |
_aKotrba, Jan _4aut |
|
| 700 | 1 |
_aBeran, E. _4pht |
|
| 942 |
_2ddc _cOLDO _n0 |
||
| 949 |
_617A0474431 _asnkSC 121506 D1 _bsnk2005/18619 _oSTU, Bratislava |
||
| 949 |
_617A0474381 _asnkSC 121506 _bsnk2005/16920 _oSTU, Bratislava |
||
| 949 |
_6273K0141631 _asvkpoB 46888 _bsvkpo272746 |
||
| 999 |
_c20171 _d20171 |
||